MDQL
is popping MORE tags! Check the
thread
!
Quizzes
Events
Quiz Creation
Community
Videos
Private Events
Remove Ads
Sign In
Join for FREE
Feedback
Dark Mode
Quiz Categories
Sports
Geography
Music
Movies
Television
Just For Fun
Miscellaneous
History
Literature
Language
Science
Gaming
Entertainment
Religion
Holiday
For Kids
Quiz Lab
Recent
Popular Today
Quiz Kudos Today
Editor Picks
Curator Picks
Quizzes by...
Day
Popularity
Type
Ratings
Length
Year
Community
Subscriptions
Recent Discussions
Orange Saloon
Badges
Playlists
Quests
Create
Leaderboards
Showdown
Live 5
Trivia Bingo
Activity
Puzzle Library
Sporcle Events
Private Events
Virtual Trivia
Globe League
Become a Host
Pub Owners
SporcleCon
Opinionation
Our Games
Videos
Blog
Mobile Apps
Partnerships
Remove Ads and Go Orange
Feedback
Television
TV Characters
TV Show
Sitcom
Network
Friends
Reality Shows
Cast
South Park
Star Trek
The Simpsons
Doctor Who
Television
TV Characters
TV Show
Sitcom
Network
Friends
Reality Shows
Cast
South Park
Star Trek
The Simpsons
Doctor Who
Random Quiz
Search Sporcle
×
Quiz Lab
Quiz Lab
Television
Type in answers that appear in a list
Type in answers that appear in a list
Classic
Best Score? Go Orange.
F.R.I.E.N.D.S Name Chain Stats
Can you name the Friends Name Chain?
By
rockulikeacane
3m
50 Questions
1,165 Plays
1,165 Plays
1,165 Plays
Comments
Comments
Give Quiz Kudos
Give Quiz Kudos
-
- Ratings
hide this ad
No Skip
Answers have to be entered in order without skipping
Answers have to be entered in order without skipping
Minefield
Wrong answers will end the quiz
Wrong answers will end the quiz
Wrong Answers
Some wrong answers will appear in red
Some wrong answers will appear in red
Replay
Link that replays current quiz
Next Quiz
Link to next quiz in quiz playlist
You Got
0%
They Got
Avg Score
57%
Avg Friend Score
Upgrade to see
Score Distribution
Jump to the score distribution portion of the page
Score
0/50
Timer
03:00
0
Plays Today
Hint
Answer
% Correct
?
???
100%
?
???
99.7%
?
???
99.3%
?
???
99.1%
?
???
97.8%
?
???
91.8%
?
???
90.5%
?
???
89.7%
?
???
74%
?
???
73.6%
?
???
71.6%
?
???
70.1%
?
???
68.9%
?
???
68.7%
?
???
68%
?
???
67.1%
?
???
66.9%
?
???
66.5%
?
???
65.7%
?
???
65.2%
?
???
64.9%
?
???
64.2%
?
???
63.7%
?
???
62.3%
?
???
61.4%
Hint
Answer
% Correct
?
???
60.8%
?
???
60.7%
?
???
56.6%
?
???
54.9%
?
???
54.6%
?
???
54.2%
?
???
53.4%
?
???
45.8%
?
???
44.2%
?
???
43%
?
???
41.5%
?
???
38.9%
?
???
35.8%
?
???
35.2%
?
???
34.1%
?
???
32%
?
???
30.6%
?
???
29.1%
?
???
28.2%
?
???
26.6%
?
???
25.2%
?
???
24.1%
?
???
21.3%
?
???
20.1%
?
???
16%
Quiz Playlist
Details
Report
Send in Message
Add To Playlist
Classic:
Type in answers that appear in a list
No Skip:
Answers have to be entered in order without skipping
Minefield:
Wrong answers will end the quiz
Wrong Answers:
Some wrong answers will appear in red
Last Updated: Feb 16, 2017
Quiz Scoreboard
CHALLENGE
Sign Up to Join the Scoreboard
Show All
Scores
Hide
Comments
May contain spoilers
Recently Published
Two Season TV Shows II
by 123Four
Television
10m
Image Sorting: Flags VI
by Barbecue
Geography
2m
Find the 'City' Movie
by crazypaving
Movies
60s
More to Explore
Quiz From the Vault
Featured Blog Post
14 Easter Pick-up Lines to Find Eggs With
hide this ad
You Might Also Like...
Tags
This quiz does not have any tags.
Today's Top Quizzes in Television
Browse Television
hide this ad
Top Contributed Quizzes in Television
1
Survivor Journey Challenge
2
Adjectives in 00s TV Shows
3
Brooklyn Nine Nine Logic Puzzle (How-To-Play)
4
Even More Two Season TV Shows
5
Total Drama Characters
6
Survivor Logic Puzzle: Heroes vs. Villains
7
Adjectives in 10s TV Shows
8
Survivor Heroes vs. Villains Logic Puzzle
9
Phoebe Buffay Quotes
10
Survivor Seasons
Explore More
Trending Topics
Harry Potter
NBA
Marvel
Disney
Kpop
Crossword
Anime
Pokémon
NFL
WWE
Song
Country
Soccer
Puzzle
The Office
hide this ad
More By:
rockulikeacane
Quiz
Plays
Rating
Category
Featured
Created
Friends Who Wants to be a Millionaire
16,084
3.50
Television
Apr 29, 2010
Friends, Scrubs, & Cougar Town Trivia
15,442
2.36
Television
Apr 13, 2012
Full House Trivia
12,716
3.82
Television
Dec 16, 2009
Full House Quotes
7,126
4.80
Television
Jan 20, 2011
F.R.I.E.N.D.S Chandler
5,295
3.04
Television
Dec 16, 2009
Go to Creator's Profile
Score Distribution
Quiz Creator Spotlight
rockulikeacane
Follow
Send a Message
Quizzes Created
-
Created Quiz Play Count
-
More By This Creator
Popular Quizzes Today
1
Find the US States - No Outlines Minefield
2
Colored Red Africa Blitz
3
Find the 'City' Movie
4
5x2 Blitz: Bands
5
The Countries of the World
6
Find the Countries of Europe - No Outlines Minefield
7
Find the US States
8
US States
More Television Quizzes
Nine in Time: Scream Queens Characters
Quiz Lab
Trending Quizzes
Colored Red Europe Blitz I
Colored Red Africa Blitz II
Colored Red Europe Blitz II
Colored Red Europe Blitz III
Colored Red Africa Blitz III
Recently Updated
How Do You Spell That?
pecheneg
Godzilla Movies
pecheneg
Grab Bag: 4-10 Letters
pecheneg
2024 March Madness Bracket
pecheneg
Famous TV Couples
Peacemaker
Champions League XIs: Real Madrid
pecheneg
Largest US Cities 1790-2010
pecheneg
Rides in Walt Disney World
pecheneg
Most Oscar Losses (Acting)
pecheneg
Beyoncé Albums
pecheneg
Trending Topics
Disney
Anime
Kpop
NBA
Harry Potter
Crossword
Marvel
Country
WWE
Soccer
Pokémon
NFL
Song
The Office
Puzzle
Your Account Isn't Verified!
In order to create a playlist on Sporcle, you need to verify the email address you used during registration. Go to your
Sporcle Settings
to finish the process.
Report this User
Report this user for behavior that violates our
Community Guidelines
.
Details:
Send Report
Go to the Sporcle.com Mobile Site →
Comments